| 000 | 00426nam a22001337a 4500 | ||
|---|---|---|---|
| 020 | _a8120316812 | ||
| 040 | _cNust | ||
| 082 |
_a621-MEC _bKAM |
||
| 100 |
_aLawrence J. Kamm _9127419 |
||
| 245 |
_aUnderstanding Electro-Mechanical engineering _bAn introductions to mechatronics' |
||
| 260 |
_aNew Delhi: _bPrentice Hall of India, _c1996. |
||
| 650 |
_aUnderstanding Electro-Mechanical engineering _9127420 |
||
| 942 |
_2ddc _cBK |
||
| 999 |
_c612549 _d612549 |
||